01460nam a22003375a 45000010006000000050017000060080041000230200018000640400044000820820025001260840012001511000043001632450119002062500018003252640040003433000052003833360026004353370028004613380028004894900037005176500077005546500084006316500041007156500041007566500081007977000040008787000042009189420007009609990017009679520138009846038320260203155822.0210521s2020 ck a gr 000 c spa d a9789585594579 aCO-BoBLAbspadCO-BoBLAerdacCO-BoRNBP04a741.5973 bH35r 223 aNG HEL21 aHelfand, Lewis.d1978 - eautor96850013aLa revolución industrial / cLewis Helfand ; ilustraciones de Naresh Kumar ; traducción de Camila Castañeda. a1a. edición aBogotá bEnlace Editorial,c2020. a84 páginas :bilustraciones a color ;c24 cm. atextbtxt2rdacontent ano mediadobn2rdamedio avolumenbnc2rdasoporte1 aNovela gráfica, el tren dorado 7aHistoria industrialx Tiras cómicas, historietas, etc.2BLAAUTO968501 7aInnovación tecnológicax Tiras cómicas, historietas, etc.2BLAAUTO968502 7aNarrativa gráfica.2BLAAUTO965102 7aNovela estadounidense.2BLAAUTO9761 7aRevolución industrialx Tiras cómicas, historietas, etc.2BLAAUTO9685031 aCastañeda, Camila,etraducción.1 akumar, Naresh,eilustración.968504 cBK c60383d60383 102lcc406NG H E L2709137838aMEVIGERRbMEVIGERRcLITd2026-02-03l0oNG HEL2pECA28797r2026-02-03 15:59:46tEj.1w2026-02-03yBK